| 000 | 00437nam a2200157Ia 4500 | ||
|---|---|---|---|
| 008 | 240729s9999 xx 000 0 und d | ||
| 022 | _a2364-4583 | ||
| 245 | 0 | _aVideo Journal of Education and Pedagogy | |
| 260 | _aNetherlands | ||
| 260 | _bBrill | Sense | ||
| 650 | _a Theory and practice of education | ||
| 650 | _aEducation | ||
| 856 | _uhttps://doaj.org/toc/fc67c942de9d4417997bb3a8605de912 | ||
| 942 | _2ddc | ||
| 942 | _cDOAJEJ | ||
| 999 |
_c68788 _d68788 |
||
| 945 |
_a1 _bMadushi Gamage _c1 _dMadushi Gamage |
||